| 000 | 01369nam a2200289 i 4500 | ||
|---|---|---|---|
| 001 | 768714001 | ||
| 003 | CO-MdFUSB | ||
| 005 | 20230524112947.0 | ||
| 007 | ta | ||
| 008 | 211015t1991 cr |||| |||| 00| 0 spa d | ||
| 020 | _a[No incluye ISBN] | ||
| 040 |
_aCO-MdFUSB _bspa _cCO-MdFUSB _dCO-MdFUSBC _erda |
||
| 041 | _aspa | ||
| 090 | _aAV 0475 | ||
| 110 | _aSeminario Bíblico Latinoamericano | ||
| 245 |
_a¿Quién es mi prójimo? : _bel cristiano y su respuesta al SIDA. Memoria del curso: "SIDA, implicaciones ética y pastorales" _c/ Seminario Bíblico Latinoamericano |
||
| 264 | 0 |
_aSan José, Costa Rica : _bSeminario Bíblico Latinoamericano, _c1991 |
|
| 300 |
_a48 páginas _c; 28 cm |
||
| 336 |
_2rdacontent _atexto _btxt |
||
| 337 |
_2rdamedia _asin mediación _bn |
||
| 338 |
_2rdacarrier _avolumen _bnc |
||
| 505 | _aLos aspectos clínicos de SIDA. / Aidalina Villagrán, Alicia Elena Kelly. -- La mujer y el SIDA. / Tatiana Ortiz, Elena Paredes y Adriana Ureña. -- La homosexualidad y el SIDA / Anna Laura Bevedor y Silvia Huber. -- Jesús y su trato con los enfermos de lepra: un modelo de acercamiento al enfermo de SIDA. / Verónica Argueda Ruiz. -- Algunos aspectos para la pastoral. / Juan Simpson. | ||
| 563 | _aRústico | ||
| 650 | 7 |
_9185 _aÉtica cristiana |
|
| 653 | _aSIDA (Enfermedad) - Aspectos religiosos - Cristianismo. | ||
| 942 | _cBK | ||
| 999 |
_c66951 _d66951 |
||